LEADER 00832nas a2200193 i 4500 001 000000003101 003 CaOOAMICUS 005 20180830125436.0 008 180830s1933 it uu u0 0ita r 040 $aSeMil$bita 245 13$aLe Vie d'Italia e del Mondo. 260 $aMilano :$bTouring Club Italiano,$c1933. 500 $aConsistenza: 1. (1933) - 4. (1936) ; 1. (1968) - 3. (1970). 710 0 $aTouring Club Italiano.$0(OLS)http://semarc/name/2273 774 0 $tTitolo mancante.$w()133340 774 0 $aReggiori, Ferdinando$t[Risorge dopo 4 secoli il Seminario di san Carlo.$d[S.l. : s.n.], 1968$w()152234 785 00$tVie del Mondo.$dMilano : Touring Club Italiano $w()3102 996 $6245$aLe Vie d'Italia e del Mondo$9(OLS)http://semarc/title/5284 996 $6260$aMilano :$bTouring Club Italiano$9(OLS)http://semarc/publisher/29688 LEADER 01503nam a2200229 i 4500 001 000000110265 003 CaOOAMICUS 005 20021126000000.0 008 021126s1594 it u000 u lat u 013 $a82946 040 $aSeMil$bita 100 1 $aScaliger, Julius Caesar,$d<1484-1558>.$0(OLS)http://semarc/name/46259 245 10$aPoetices libri septem. 260 $aGinevra :$bApud Petrum Santandreanum,$c1594. 300 $a8 x 12 ;$c[2] c., + [22] + 945 + [67] p., + [1] c. ;$ccaratteri greci e romani. 500 $aIndice : Historicus ; Hyle ; Idea ; Parasceve ; Criticus ; Hypercriticus ; Epinomis. - In mezzo al frontespizio : Ad Sylvium filium. - Il frontespizio è lacerato alla base. - Scritte a penna sul foglio di guardia. - Molte pagine imbrunite. - Scolorimento con macchie giallastre diffuso. - Gore di umidità a piede. - Alcune pagine iniziali e centrali rovinate da tarlo. - Descrizione da : Incunaboli e Cinquecentine della Biblioteca del Seminario di Milano / catalogo a cura di Ubaldo Valentini, Appendice V, (pubblicata in la Scuola Cattolica n. 131, Anno 2003, pp. 351-375). - Numero di catalogo : 1812. 650 4$aCinquecentine.$0(OLS)http://semarc/subject/1297 850 $aSeMil 852 $aSeMil$W1$xVenegono$y1$mFV.D V 44$j66170$B66170$CSeMilBibl$Z2$F73170 $86 961 $aLascito: Ronchetti Maria 996 $6245$aPoetices libri septem$9(OLS)http://semarc/title/160260 996 $6260$aGinevra :$bApud Petrum Santandreanum$9(OLS)http://semarc/publisher/45081